US State Shapes - Sudden Death - Statistics

General Stats
  • This quiz has been taken 1,734 times
  • The average score is 4 of 16
Answers on the Grid
Answers color-coded by a green-red scale on the quiz's grid according to % correct below.
 
Answer Stats
Answer % Correct
40%
40%
39%
33%
31%
28%
25%
22%
20%
20%
20%
19%
19%
19%
15%
12%
No matching quizzes found
Score Distribution
Percent of People with Each Score
Percentile by Number Answered
Your Score History
You have not taken this quiz